| 000 | 00947nam a2200265Ia 4500 | ||
|---|---|---|---|
| 001 | 67331 | ||
| 003 | 140464 | ||
| 005 | 20250405062547.0 | ||
| 008 | ||||||n9999 ||| || || | ||
| 041 | _aspa | ||
| 082 | _a370115 | ||
| 100 |
_aSánchez Noguera, Jorge _991422 |
||
| 245 | 0 | _aGerencia moderna y responsabilidad social en la empresa privada en Colombia | |
| 260 |
_aBogotá : _bEscuela Superior de Administración Pública - ESAP, _c1999. |
||
| 300 | _a36h. | ||
| 562 | _e1 | ||
| 650 |
_aADMINISTRACION SOCIAL _912605 |
||
| 650 | 0 |
_aCambio social _91896 |
|
| 650 | 0 |
_aCartagena (Bolívar, Colombia)--historia _98176 |
|
| 650 | 0 |
_aEmpresas privadas _96165 |
|
| 650 |
_aESPECIALIZACIÓN EN GERENCIA SOCIAL (CARTAGENA) --TESIS Y DISERTACIONES ACADÉMICAS _991423 |
||
| 650 |
_aESPECIALIZACIÓN EN GERENCIA SOCIAL--TESIS Y DISERTACIONES ACADÉMICAS _924038 |
||
| 650 |
_aTESIS Y DISERTACIONES ACADÉMICAS _991424 |
||
| 942 | _cTESIS | ||
| 999 |
_c67331 _d67331 |
||